Fr. Conceicao Rodrigues College of Engineering

Electromagnetics fields (Record no. 27436)

MARC details
000 -LEADER
fixed length control field 00320nam a2200145Ia 4500
100 ## - MAIN ENTRY--PERSONAL NAME
Personal name Sivanagaraju/S
245 ## - TITLE STATEMENT
Title Electromagnetics fields
260 ## - PUBLICATION, DISTRIBUTION, ETC.
Name of publisher, distributor, etc. New Age Interational Ltd.
Place of publication, distribution, etc. New Delhi
Date of publication, distribution, etc. 2008
366 ## - TRADE AVAILABILITY INFORMATION
Publishers's discount category 17.5
300 ## - PHYSICAL DESCRIPTION
Extent 299
546 ## - LANGUAGE NOTE
Language note ENGLISH
654 ## - SUBJECT ADDED ENTRY--FACETED TOPICAL TERMS
Focus term electromagnetic
942 ## - ADDED ENTRY ELEMENTS (KOHA)
Koha item type BOOK
Holdings
Withdrawn status Lost status Damaged status Not for loan Collection Home library Current library Date acquired Source of acquisition Cost, normal purchase price Inventory number Total Checkouts Full call number Barcode Date last seen Date last checked out Cost, replacement price Price effective from Koha item type
        CRC Fr. Agnel's C.Rodrigues College of Engineering Fr. Agnel's C.Rodrigues College of Engineering 17/03/2023 Educational books and periodicals 160.88 150 dt 21/01/2009 1 19293 06/12/2023 28/11/2023 195.00   BOOK